01505nabaa22001577a 4500003000400000005001700004008004100021040000700062100002600069245016400095300001500259505083700274505008901111650002701200773012001227OSt20260122232427.0190701b xxu||||| |||| 00| 0 spa d cPJ aCassagne, Juan Carlos10aSingularidad y fuentes del sistema judicialista argentino :balcances de la revisión judicial de la actividad de la administración /cJuan Carlos Cassagne. ap. 223-259 aSumario: I. Introducción: sobre las fuentes del sistema judicialista argentino.— II. Un concepto previo: el acto jurisdiccional de la Administración.— III. Reflexiones sobre el modelo constitucional adoptado y la separación de los poderes.— IV. Excurso acerca del juzgamiento de las causas contencioso-administrativas.— V. La proyección en Iberoamérica de la interdicción al Ejecutivo del ejercicio de las funciones judiciales.— VI. Estructura del sistema constitucional argentino de control judicial de la Administración pública: el judicialismo acentuado o puro como producto de nuestra historia y de los antecedentes hispánicos.—VII. Analogías y diferencias entre el derecho norteamericano y el argentino respecto del control judicial de la actividad de la Administración.— VIII. Conclusiones. t¿Te interesa el texto completo? Comunicate al correo: koha@justierradelfuego.gov.ar 0aDERECHO ADMINISTRATIVO0 02842dBuenos Aires : AbeledoPerrot, 2012-oDA121tDerecho administrativo. Nº 149 septiembre/octubre 2023z18510590